[Event "Olympiad-45"]
[Site "Budapest"]
[Date "2024.09.19"]
[Round "8.2"]
[White "Sargsyan, Shant"]
[Black "Leko, Peter"]
[Result "1/2-1/2"]
[WhiteElo "2649"]
[BlackElo "2666"]
[PlyCount "52"]
[EventDate "2024.09.11"]
[EventType "team-swiss"]
[EventRounds "11"]
[EventCountry "HUN"]
[SourceTitle "EXT 2025"]
[Source "ChessBase"]
[SourceDate "2024.10.14"]
[SourceVersion "1"]
[SourceVersionDate "2024.10.14"]
[SourceQuality "1"]
[WhiteTeam "Armenia"]
[BlackTeam "Hungary"]
[WhiteTeamCountry "ARM"]
[BlackTeamCountry "HUN"]

1. e4 e5 2. Nf3 Nc6 3. Bb5 Nf6 4. d3 Bc5 5. c3 0-0 6. 0-0 d5 7. Nbd2 Re8 8. exd5 a6 9. Bxc6 bxc6 10. Nb3 Qxd5 11. c4 Qd6 12. Nxc5 Qxc5 13. h3 Bf5 14. Be3 Qb4 15. Qe2 Qd6 16. Rad1 c5 17. Nh4 Bg6 18. Qd2 Qc6 19. Nxg6 hxg6 20. Qa5 Nd7 21. a3 Re6 22. b4 Qb6 23. Qa4 Qc6 24. Qa5 Qb6 25. Qa4 Qc6 26. Qa5 Qb6 1/2-1/2

[Event "Chess.com Rapid CGC KO"]
[Site "Chess.com INT"]
[Date "2022.09.14"]
[Round "1.4"]
[White "Leko, Peter"]
[Black "Wang, Hao"]
[Result "1/2-1/2"]
[WhiteElo "2663"]
[BlackElo "2722"]
[PlyCount "102"]
[EventDate "2022.09.14"]
[EventType "k.o. (rapid)"]
[EventRounds "6"]
[EventCountry "USA"]
[SourceTitle "EXT 2023"]
[Source "ChessBase"]
[SourceDate "2022.10.05"]
[SourceVersion "1"]
[SourceVersionDate "2022.10.05"]
[SourceQuality "1"]

1. Nf3 d5 2. g3 Nf6 3. Bg2 e6 4. 0-0 Be7 5. d3 0-0 6. Nbd2 a5 7. e4 a4 8. e5 Nfd7 9. a3 c5 10. Re1 Nc6 11. Nf1 b5 12. h4 b4 13. N1h2 bxa3 14. bxa3 Ba6 15. Bf4 Rb8 16. h5 h6 17. Ng4 Nd4 18. Nxd4 cxd4 19. Nh2 Qc7 20. Ra2 Rb6 21. Bxd5 exd5 22. e6 Bd6 23. Bxd6 Qxd6 24. exd7 Qxd7 25. Qa1 Qf5 26. Qxd4 Re6 27. Raa1 Qxh5 28. Rxe6 fxe6 29. Re1 Qf7 30. Ng4 Bb5 31. Ne5 Qf6 32. Rb1 Be8 33. Qe3 Qe7 34. Rb4 Kh7 35. c4 dxc4 36. dxc4 Qd6 37. c5 Qd1+ 38. Kg2 Kg8 39. Rd4 Qc2 40. Rd6 Bb5 41. Nf3 Bc4 42. Rd2 Qb1 43. Ne1 Bd5+ 44. f3 Qc1 45. Kf2 Kh8 46. Re2 Qc4 47. Rc2 Qb3 48. c6 Rxf3+ 49. Nxf3 Qxc2+ 50. Nd2 Qxc6 51. Qd4 Qc2 1/2-1/2

[Event "Legends of Chess Prelim"]
[Site "chess24.com INT"]
[Date "2020.07.28"]
[Round "8.3"]
[White "Leko, Peter"]
[Black "Gelfand, Boris"]
[Result "1-0"]
[WhiteElo "2663"]
[BlackElo "2676"]
[PlyCount "95"]
[EventDate "2020.07.21"]
[EventType "tourn (rapid)"]
[EventRounds "9"]
[EventCountry "GER"]
[EventCategory "20"]
[SourceTitle "CBM 197"]
[Source "ChessBase"]
[SourceDate "2020.08.31"]
[SourceVersion "1"]
[SourceVersionDate "2020.08.31"]
[SourceQuality "1"]

1. e4 c5 2. Nf3 Nc6 3. Bb5 e6 4. 0-0 Nge7 5. d4 cxd4 6. Nxd4 Ng6 7. Be2 Be7 8. Nb3 0-0 9. c4 b6 10. Nc3 Bb7 11. Be3 Qc7 12. Rc1 Nf4 13. Bf3 Rad8 14. Qd2 Ng6 15. Be2 Qb8 16. Rfd1 d6 17. Nd4 Rfe8 18. Bf1 h6 19. Ndb5 Nge5 20. f3 Nd7 21. Qf2 Nf6 22. Kh1 Rd7 23. Rd2 Rc8 24. b3 Ne5 25. Nd4 Bf8 26. h3 Rdd8 27. Rdd1 Ng6 28. Bd3 Ne5 29. Bb1 Ned7 30. Nde2 Qa8 31. Nf4 Qb8 32. Bd3 Ne5 33. Bf1 Be7 34. Qg3 Kh8 35. Qf2 Kg8 36. Rc2 Kh8 37. a4 Nc6 38. Rcd2 Nd7 39. Nh5 Nf6 40. Nxf6 Bxf6 41. Nb5 Be7 42. Qg3 Na5 43. Nxd6 Bxd6 44. Rxd6 Rxd6 45. Rxd6 Nxb3 46. Bf4 Re8 47. Be5 f6 48. Rd7 1-0

[Event "Legends of Chess Prelim"]
[Site "chess24.com INT"]
[Date "2020.07.27"]
[Round "7.1"]
[White "Leko, Peter"]
[Black "Nepomniachtchi, Ian"]
[Result "1/2-1/2"]
[WhiteElo "2663"]
[BlackElo "2784"]
[PlyCount "84"]
[EventDate "2020.07.21"]
[EventType "tourn (rapid)"]
[EventRounds "9"]
[EventCountry "GER"]
[EventCategory "20"]
[SourceTitle "CBM 197"]
[Source "ChessBase"]
[SourceDate "2020.08.31"]
[SourceVersion "1"]
[SourceVersionDate "2020.08.31"]
[SourceQuality "1"]

1. d4 Nf6 2. c4 e6 3. Nf3 d5 4. Nc3 c5 5. cxd5 Nxd5 6. e4 Nxc3 7. bxc3 cxd4 8. cxd4 Bb4+ 9. Bd2 Bxd2+ 10. Qxd2 0-0 11. Bc4 Nd7 12. 0-0 b6 13. Rad1 Bb7 14. Rfe1 Rc8 15. Bb3 h6 16. Re3 Nf6 17. d5 exd5 18. exd5 Qd6 19. Nh4 Rfe8 20. Nf5 Qd7 21. Rf3 Bxd5 22. Nxh6+ gxh6 23. Rxf6 Qe7 24. Rf4 Bxb3 25. axb3 Qe2 26. g3 Qxd2 27. Rxd2 Rcd8 28. Ra2 Rd7 29. Rfa4 Re1+ 30. Kg2 Rb1 31. Rxa7 Rxa7 32. Rxa7 Rxb3 33. g4 Kg7 34. f3 Rb5 35. Kg3 h5 36. h3 hxg4 37. hxg4 Rb3 38. Rb7 Kg6 39. Kf4 Rb4+ 40. Kg3 Rb3 41. Kf4 Rb4+ 42. Kg3 f5 1/2-1/2

[Event "Legends of Chess Prelim"]
[Site "chess24.com INT"]
[Date "2020.07.26"]
[Round "6.3"]
[White "Leko, Peter"]
[Black "Giri, Anish"]
[Result "1-0"]
[WhiteElo "2663"]
[BlackElo "2764"]
[PlyCount "103"]
[EventDate "2020.07.21"]
[EventType "tourn (rapid)"]
[EventRounds "9"]
[EventCountry "GER"]
[EventCategory "20"]
[SourceTitle "CBM 197"]
[Source "ChessBase"]
[SourceDate "2020.08.31"]
[SourceVersion "1"]
[SourceVersionDate "2020.08.31"]
[SourceQuality "1"]

1. d4 Nf6 2. c4 e6 3. Nf3 d5 4. g3 Bb4+ 5. Bd2 Be7 6. Bg2 0-0 7. 0-0 Nbd7 8. Qc2 c6 9. Rd1 b6 10. b3 a5 11. Bc3 Ne4 12. Ne5 Nxe5 13. Bxe4 f5 14. Bg2 Ng4 15. e3 h5 16. Nd2 h4 17. h3 Nf6 18. gxh4 Ne4 19. Nf3 Bd7 20. Be1 Be8 21. Ne5 Bxh4 22. f3 Bxe1 23. Rxe1 Nd6 24. f4 Rf6 25. Rac1 Nf7 26. Nf3 b5 27. Kh2 a4 28. Rg1 axb3 29. axb3 bxc4 30. bxc4 Rg6 31. c5 Ra3 32. Qf2 Qa8 33. Rc2 Bd7 34. Rb2 Qd8 35. Rgb1 Ra8 36. Rb7 Rh6 37. Qb2 Kf8 38. Ra1 Rxa1 39. Qxa1 Rh8 40. Qa7 Ke7 41. Rc7 Ke8 42. Rb7 Ke7 43. Bf1 g6 44. Bb5 cxb5 45. c6 Kf6 46. Rxd7 Qf8 47. Ne5 Nh6 48. Rf7+ Qxf7 49. Nxf7 Nxf7 50. Qd7 Rd8 51. Qxd8+ Nxd8 52. c7 1-0

[Event "Legends of Chess Prelim"]
[Site "chess24.com INT"]
[Date "2020.07.25"]
[Round "5.3"]
[White "Anand, Viswanathan"]
[Black "Leko, Peter"]
[Result "1/2-1/2"]
[WhiteElo "2753"]
[BlackElo "2663"]
[PlyCount "86"]
[EventDate "2020.07.21"]
[EventType "tourn (rapid)"]
[EventRounds "9"]
[EventCountry "GER"]
[EventCategory "20"]
[SourceTitle "CBM 197"]
[Source "ChessBase"]
[SourceDate "2020.08.31"]
[SourceVersion "1"]
[SourceVersionDate "2020.08.31"]
[SourceQuality "1"]

1. e4 e5 2. Nf3 Nc6 3. Bb5 Nf6 4. d3 Bc5 5. Bxc6 dxc6 6. Nbd2 Nd7 7. Nc4 f6 8. c3 Nb6 9. b4 Bd6 10. Na5 0-0 11. Be3 Re8 12. 0-0 Nd7 13. Nd2 Nf8 14. d4 Qd7 15. dxe5 fxe5 16. Nac4 Ng6 17. a4 Qf7 18. Qf3 Qe7 19. b5 Be6 20. bxc6 bxc6 21. Rfb1 Rf8 22. Qe2 Nf4 23. Bxf4 Rxf4 24. Nxd6 cxd6 25. Qe3 Rff8 26. Rb4 Rab8 27. Rab1 Qc7 28. h3 h6 29. Qd3 Kh7 30. Nf1 a5 31. Rxb8 Rxb8 32. Rd1 Rd8 33. Ne3 Kh8 34. c4 Qb6 35. Rb1 Qd4 36. Qc2 Rf8 37. Rd1 Qc5 38. Qd3 Rd8 39. Rb1 Qd4 40. Qc2 Rf8 41. Rd1 Qc5 42. Qd3 Rd8 43. Rb1 Qd4 1/2-1/2

[Event "Legends of Chess Prelim"]
[Site "chess24.com INT"]
[Date "2020.07.25"]
[Round "5.4"]
[White "Leko, Peter"]
[Black "Anand, Viswanathan"]
[Result "1-0"]
[WhiteElo "2663"]
[BlackElo "2753"]
[PlyCount "44"]
[EventDate "2020.07.21"]
[EventType "tourn (rapid)"]
[EventRounds "9"]
[EventCountry "GER"]
[EventCategory "20"]
[SourceTitle "CBM 197"]
[Source "ChessBase"]
[SourceDate "2020.08.31"]
[SourceVersion "1"]
[SourceVersionDate "2020.08.31"]
[SourceQuality "1"]

1. e4 e5 2. Nf3 Nc6 3. Bc4 Bc5 4. 0-0 Nf6 5. d3 d6 6. c3 a6 7. a4 h6 8. Re1 0-0 9. Nbd2 a5 10. Nf1 Be6 11. Bb5 Na7 12. d4 exd4 13. Nxd4 Nxb5 14. axb5 Re8 15. Ng3 Bd7 16. h3 Re5 17. f4 Bxd4+ 18. cxd4 Rxb5 19. Ra3 d5 20. e5 Ne4 21. f5 Nxg3 22. Rxg3 Bc8 1-0

[Event "Legends of Chess Prelim"]
[Site "chess24.com INT"]
[Date "2020.07.25"]
[Round "5.5"]
[White "Leko, Peter"]
[Black "Anand, Viswanathan"]
[Result "1-0"]
[WhiteElo "2663"]
[BlackElo "2753"]
[PlyCount "137"]
[EventDate "2020.07.21"]
[EventType "tourn (rapid)"]
[EventRounds "9"]
[EventCountry "GER"]
[EventCategory "20"]
[SourceTitle "CBM 197"]
[Source "ChessBase"]
[SourceDate "2020.08.31"]
[SourceVersion "1"]
[SourceVersionDate "2020.08.31"]
[SourceQuality "1"]

1. e4 e5 2. Nf3 Nc6 3. Bc4 Bc5 4. 0-0 Nf6 5. d3 d6 6. c3 a6 7. a4 0-0 8. Re1 Ba7 9. h3 h6 10. Nbd2 Re8 11. b4 Be6 12. Bxe6 Rxe6 13. Qc2 Qd7 14. Rb1 Ne7 15. Nf1 Ng6 16. Ng3 c6 17. c4 Ree8 18. Bd2 Rad8 19. Nf5 Ne7 20. Ng3 Ng6 21. Rbd1 d5 22. Bc3 Bb8 23. c5 Bc7 24. Nf5 Nf4 25. Bb2 d4 26. Bc1 Ne6 27. a5 Kh7 28. Nd2 g6 29. Ng3 h5 30. Nc4 h4 31. Nf1 Nh5 32. Nh2 Nef4 33. Kh1 Qe7 34. Rg1 Rg8 35. Rde1 g5 36. Qd1 Nf6 37. Bxf4 gxf4 38. Qf3 Rg6 39. g3 hxg3 40. fxg3 fxg3 41. Rxg3 Rdg8 42. Rxg6 fxg6 43. Rg1 Nh5 44. Rf1 Nf4 45. Qg3 Rf8 46. Rf3 Nh5 47. Qf2 Rxf3 48. Nxf3 Nf4 49. Qf1 Kg7 50. Kh2 Bb8 51. Ne1 Qg5 52. Ng2 Nxg2 53. Qxg2 Qf4+ 54. Qg3 Qf1 55. h4 Bc7 56. Qg2 Qf4+ 57. Kh3 Bd8 58. Qg3 Qf1+ 59. Kh2 Qe2+ 60. Qg2 Qh5 61. Qg3 Qe2+ 62. Kh3 Qf1+ 63. Kg4 Qd1+ 64. Qf3 Qg1+ 65. Kh3 Bxh4 66. Kxh4 Qh2+ 67. Kg4 Qh5+ 68. Kg3 Qg5+ 69. Kh3 1-0

[Event "Legends of Chess Prelim"]
[Site "chess24.com INT"]
[Date "2020.07.24"]
[Round "4.2"]
[White "Leko, Peter"]
[Black "Kramnik, Vladimir"]
[Result "1/2-1/2"]
[WhiteElo "2663"]
[BlackElo "2753"]
[PlyCount "117"]
[EventDate "2020.07.21"]
[EventType "tourn (rapid)"]
[EventRounds "9"]
[EventCountry "GER"]
[EventCategory "20"]
[SourceTitle "CBM 197"]
[Source "ChessBase"]
[SourceDate "2020.08.31"]
[SourceVersion "1"]
[SourceVersionDate "2020.08.31"]
[SourceQuality "1"]

1. d4 Nf6 2. c4 e6 3. Nf3 d5 4. Nc3 Nbd7 5. cxd5 exd5 6. Bg5 c6 7. Qc2 h6 8. Bh4 Be7 9. e3 0-0 10. Bd3 Re8 11. 0-0 Ne4 12. Bxe4 Bxh4 13. Bh7+ Kh8 14. Nxh4 Qxh4 15. Bd3 Qe7 16. a3 Nb6 17. b4 Be6 18. Ne2 Nc4 19. Bxc4 dxc4 20. Nc3 Rad8 21. Rfe1 Qg5 22. f3 f5 23. Rad1 Qf6 24. Qf2 Qf8 25. e4 a5 26. Qb2 fxe4 27. fxe4 Bg4 28. Rd2 axb4 29. axb4 Qf4 30. Rf2 Qg5 31. Qd2 Qxd2 32. Rxd2 Ra8 33. h3 Bh5 34. e5 Bg6 35. d5 Ra3 36. d6 Rxc3 37. e6 Rd3 38. Rxd3 cxd3 39. e7 Bf5 40. g4 Bd7 41. Kf2 Kg8 42. Ke3 Kf7 43. Kxd3 Kf6 44. Kd4 b6 45. Re2 Ra8 46. Re1 g5 47. Re2 Be8 48. Kc4 Ra4 49. Kb3 Ra7 50. Re3 b5 51. Re1 Kg7 52. Kc3 Rd7 53. Re6 Bf7 54. Kd4 Be8 55. Kc5 Ra7 56. Kb6 Rd7 57. Kc5 Ra7 58. Kb6 Rd7 59. Kc5 1/2-1/2

[Event "Bundesliga 1920"]
[Site "Germany"]
[Date "2019.12.07"]
[Round "3.4"]
[White "Beerdsen, Thomas"]
[Black "Leko, Peter"]
[Result "1/2-1/2"]
[WhiteElo "2468"]
[BlackElo "2666"]
[PlyCount "34"]
[EventDate "2019.11.23"]
[EventType "team-tourn"]
[EventRounds "15"]
[EventCountry "GER"]
[SourceTitle "CBM 193 Extra"]
[Source "ChessBase"]
[SourceDate "2020.01.31"]
[SourceVersion "1"]
[SourceVersionDate "2020.01.31"]
[SourceQuality "1"]
[WhiteTeam "Muelheim Nord"]
[BlackTeam "Deizisau"]
[WhiteTeamCountry "GER"]
[BlackTeamCountry "GER"]

1. e4 e5 2. Nf3 Nc6 3. Bc4 Bc5 4. 0-0 Nf6 5. d4 Bxd4 6. Nxd4 Nxd4 7. Bg5 d6 8. f4 Bg4 9. Bxf6 Bxd1 10. Bxd8 Rxd8 11. c3 Be2 12. cxd4 Bxc4 13. Rc1 Bd3 14. Rxc7 Rd7 15. Rc8+ Rd8 16. Rc7 Rd7 17. Rc8+ Rd8 1/2-1/2

[Event "Nanjing Summit m"]
[Site "Nanjing"]
[Date "2019.10.03"]
[Round "2"]
[White "Leko, Peter"]
[Black "Wei, Yi"]
[Result "1/2-1/2"]
[WhiteElo "2670"]
[BlackElo "2721"]
[PlyCount "77"]
[EventDate "2019.10.02"]
[EventType "match"]
[EventRounds "4"]
[EventCountry "CHN"]
[SourceTitle "CBM 193 Extra"]
[Source "ChessBase"]
[SourceDate "2020.01.31"]
[SourceVersion "1"]
[SourceVersionDate "2020.01.31"]
[SourceQuality "1"]

1. Nf3 c5 2. c4 Nc6 3. Nc3 Nf6 4. g3 d5 5. d4 e6 6. cxd5 exd5 7. Bg2 Be7 8. 0-0 0-0 9. dxc5 Bxc5 10. Na4 Be7 11. Be3 Re8 12. Rc1 Bg4 13. Re1 Bb4 14. Bd2 Bxd2 15. Qxd2 Ne4 16. Qf4 Be6 17. Nd2 g5 18. Qe3 Bf5 19. Nc5 Nxc5 20. Qxc5 Qf6 21. Qc3 Qxc3 22. bxc3 Rad8 23. Nf3 h6 24. Nd4 Be4 25. Bxe4 dxe4 26. Nxc6 bxc6 27. Red1 Rxd1+ 28. Rxd1 Rb8 29. Rd6 Rb2 30. e3 Kg7 31. a4 c5 32. g4 Rc2 33. Ra6 Rxc3 34. Rxa7 Ra3 35. a5 c4 36. Rc7 Rxa5 37. Rxc4 Re5 38. Kg2 Re6 39. Kg3 1/2-1/2

[Event "Abu Dhabi blitz m"]
[Site "Abu Dhabi"]
[Date "2019.08.08"]
[Round "10"]
[White "Leko, Peter"]
[Black "Morozevich, Alexander"]
[Result "0-1"]
[WhiteElo "2674"]
[BlackElo "2659"]
[PlyCount "82"]
[EventDate "2019.08.08"]
[EventType "match (blitz)"]
[EventRounds "10"]
[EventCountry "UAE"]
[SourceTitle "CBM 191 Extra"]
[Source "ChessBase"]
[SourceDate "2019.09.30"]
[SourceVersion "1"]
[SourceVersionDate "2019.09.30"]
[SourceQuality "1"]

1. e4 c5 2. Nf3 Nc6 3. d4 cxd4 4. Nxd4 Qb6 5. Nb3 Nf6 6. Nc3 e6 7. Bd3 a6 8. Be3 Qc7 9. f4 d6 10. Qf3 b5 11. 0-0-0 Bb7 12. Kb1 Be7 13. g4 b4 14. Ne2 Nd7 15. g5 Nc5 16. h4 Nxd3 17. cxd3 d5 18. Rc1 dxe4 19. dxe4 0-0 20. Nc5 Rfd8 21. h5 Bxc5 22. Bxc5 Qd7 23. Rh3 a5 24. g6 fxg6 25. hxg6 h6 26. Bb6 Rdc8 27. Rhh1 Ne7 28. Ng3 a4 29. Rcd1 Qc6 30. Bd4 Qc2+ 31. Ka1 a3 32. Qb3 axb2+ 33. Qxb2 Rxa2+ 34. Qxa2 Ra8 35. Qxa8+ Bxa8 36. Bb2 Qa4+ 37. Kb1 Nxg6 38. Rd2 b3 39. Re1 Nxf4 40. Be5 Nd3 41. Rg1 Nxe5 0-1

[Event "Abu Dhabi blitz m"]
[Site "Abu Dhabi"]
[Date "2019.08.08"]
[Round "3"]
[White "Morozevich, Alexander"]
[Black "Leko, Peter"]
[Result "0-1"]
[WhiteElo "2659"]
[BlackElo "2674"]
[PlyCount "64"]
[EventDate "2019.08.08"]
[EventType "match (blitz)"]
[EventRounds "10"]
[EventCountry "UAE"]
[SourceTitle "CBM 191 Extra"]
[Source "ChessBase"]
[SourceDate "2019.09.30"]
[SourceVersion "1"]
[SourceVersionDate "2019.09.30"]
[SourceQuality "1"]

1. d4 Nf6 2. Nc3 d5 3. Bg5 Nbd7 4. Nf3 h6 5. Bf4 a6 6. Qd3 c5 7. e4 cxd4 8. Qxd4 dxe4 9. Nxe4 Nxe4 10. Qxe4 Nf6 11. Qa4+ Bd7 12. Qb3 Qa5+ 13. c3 b5 14. Ne5 Be6 15. Qd1 g5 16. Bg3 Bg7 17. Bd3 0-0 18. h4 g4 19. 0-0 Qb6 20. Qe2 Rad8 21. a4 Rd5 22. axb5 Nh5 23. Nc4 Qc5 24. Kh2 axb5 25. Ne3 Nxg3 26. fxg3 Re5 27. Rae1 h5 28. Qf2 b4 29. c4 b3 30. Bf5 Bxf5 31. Nxf5 Qxf2 32. Rxf2 Rxe1 0-1